000 00436pab a2200157 454500
008 180718b2015 xxu||||| |||| 00| 0 eng d
100 _aBohm, Timo
245 _aActivists in politics: the influence of embedded activists on the success of social movements
260 _c2015
300 _ap.477-498.
362 _aNov
650 _aPolitical parties
650 _aSocial movements
773 _aSocial Problems
909 _a110928
999 _c110923
_d110923